Statistics for 1935年時点での日本の私鉄

Click here to take the quiz!

General Stats

  • This quiz has been taken 19 times
  • The average score is 33 of 316

Answer Stats

Answer% Correct
阪神電気鉄道
80%
西武鉄道
80%
東武鉄道
80%
京阪電気鉄道
67%
参宮急行電鉄
67%
目黒蒲田電鉄
60%
京浜電気鉄道
53%
名岐鉄道
53%
武蔵野鉄道
53%
山陽電気鉄道
53%
東京横浜電鉄
53%
相模鉄道
47%
湘南電気鉄道
47%
東京地下鉄道
47%
阪和電気鉄道
47%
小田原急行鉄道
47%
愛知電気鉄道
47%
伊勢電気鉄道
40%
東京高速鉄道
40%
長野電鉄
40%
箱根登山鉄道
40%
大阪電気軌道
40%
神中鉄道
33%
帝都電鉄
33%
定山渓鉄道
33%
上毛電気鉄道
33%
近江鉄道
33%
三河鉄道
33%
豊川鉄道
33%
南武鉄道
33%
琴平参宮電鉄
33%
富士山麓電気鉄道
33%
奈良電気鉄道
33%
南海鉄道
33%
弘南鉄道
33%
駿豆鉄道
33%
水間鉄道
33%
碧海電気鉄道
27%
大雄山鉄道
27%
秩父鉄道
27%
総武鉄道
27%
瀬戸電気鉄道
27%
筑波鉄道
27%
松本電気鉄道
27%
三岐鉄道
27%
鳳来寺鉄道
27%
琴平急行電鉄
27%
江若鉄道
27%
淡路鉄道
20%
常総鉄道
20%
上信電気鉄道
20%
三信鉄道
20%
夕張鉄道
20%
琴平電鉄
20%
高野山電気鉄道
20%
蒲原鉄道
20%
神戸有馬電気鉄道
20%
九十九里鉄道
20%
小湊鐡道
20%
旭川電気軌道
20%
流山鉄道
20%
伊那電気鉄道
20%
富山電気鉄道
20%
栃尾鉄道
20%
宮城電気鉄道
20%
十和田鉄道
20%
長岡鉄道
20%
鶴見臨港鉄道
20%
知多鉄道
20%
寿都鉄道
20%
島原鉄道
20%
北海道拓殖鉄道
13%
光明電気鉄道
13%
博多湾鉄道汽船
13%
富士身延鉄道
13%
野上電気鉄道
13%
能登鉄道
13%
信貴山急行電鉄
13%
耶馬渓鉄道
13%
長崎電気軌道
13%
新三河鉄道
13%
北勢鉄道
13%
国東鉄道
13%
津軽鉄道
13%
常北電気鉄道
13%
銚子鉄道
13%
多摩湖鉄道
13%
北海道鉄道
13%
浅野川電気鉄道
13%
仙台鉄道
13%
雄勝鉄道
13%
加越鉄道
13%
各務原鉄道
13%
茨城鉄道
13%
加悦鉄道
13%
大井川鐵道
13%
金名鉄道
13%
京都電燈
13%
五日市鉄道
13%
北九州鉄道
13%
鹿島参宮鉄道
13%
一畑電気鉄道
13%
富山県営鉄道
7%
高畠鉄道
7%
福武電気鉄道
7%
田口鉄道
7%
谷汲鉄道
7%
竹鼻鉄道
7%
布引電気鉄道
7%
高尾登山鉄道
7%
南越鉄道
7%
西遠鉄道
7%
越中鉄道
7%
長門鉄道
7%
北丹鉄道
7%
大隅鉄道
7%
新潟電鉄
7%
丸岡鉄道
7%
有田鉄道
7%
丸子鉄道
7%
下津井鉄道
7%
富岩鉄道
7%
武州鉄道
7%
遠州電気鉄道
7%
永平寺鉄道
7%
浜松鉄道
7%
横荘鉄道
7%
東京市電気局
7%
東美鉄道
7%
尾花沢鉄道
7%
藤相鉄道
7%
播丹鉄道
7%
東野鉄道
7%
美唄鉄道
7%
温泉電軌
7%
比叡山鉄道
7%
白山電気鉄道
7%
出石鉄道
7%
信貴生駒電鉄
7%
尾小屋鉄道
7%
筑前参宮鉄道
7%
広島瓦斯電気
7%
中国鉄道
7%
奥多摩電気鉄道
7%
仙北鉄道
7%
武蔵中央電気鉄道
7%
和歌山鉄道
7%
西濃鉄道
7%
志摩電気鉄道
7%
片上鉄道
7%
宮崎鉄道
7%
大和鉄道
7%
御坊臨港鉄道
7%
山陽電気軌道
7%
九州肥筑鉄道
7%
佐世保鉄道
7%
雄別炭鉱鉄道
7%
熊延鉄道
7%
八日市鉄道
7%
渥美電鉄
7%
頚城鉄道
7%
金沢電気軌道
7%
芸備鉄道
7%
湊鉄道
7%
信濃鉄道
7%
黒部鉄道
7%
門司築港
0%
南薩鉄道
0%
箸蔵登山鉄道
0%
伯陽電鉄
0%
播磨電気鉄道
0%
柳谷登山鉄道
0%
日光登山鉄道
0%
六甲越有馬鉄道
0%
新潟臨港
0%
花巻温泉電気軌道
0%
白棚鉄道
0%
屋島登山鉄道
0%
八栗登山鉄道
0%
飯山鉄道
0%
池田鉄道
0%
愛知中央鉄道
0%
伊予鉄道電気
0%
目黒玉川電気鉄道
0%
能美電気鉄道
0%
留萠鉄道
0%
米子電車軌道
0%
竜崎鉄道
0%
安濃鉄道
0%
淡路快速交通
0%
天橋立鋼索鉄道
0%
三国芦原電鉄
0%
尼崎築港
0%
岩手軽便鉄道
0%
北海水力電気
0%
北陸工業鉄道
0%
北濃鉄道
0%
胆振鉄道
0%
阿南鉄道
0%
別府遊園鋼索鉄道
0%
三原登山鉄道
0%
防石鉄道
0%
豊州鉄道
0%
御嶽登山鉄道
0%
水戸電気鉄道
0%
松阪電気鉄道
0%
磐城電気鉄道
0%
別府軽便鉄道
0%
東大阪電気鉄道
0%
三朝温泉軌道
0%
広瀬鉄道
0%
愛宕山鉄道
0%
宮崎電気鉄道
0%
日向電気鉄道
0%
宮崎県営鉄道
0%
富南鉄道
0%
妙見鋼索鉄道
0%
三重鉄道
0%
赤穂鉄道
0%
伊香保ケーブル鉄道
0%
岩鼻軽便鉄道
0%
船木鉄道
0%
峰山間人鉄道
0%
宮津鉄道
0%
上田温泉電軌
0%
鞍馬電気鉄道
0%
中津峰登山鉄道
0%
鎌倉急行電気鉄道
0%
産業セメント鉄道
0%
薩南中央鉄道
0%
積丹鉄道
0%
庄内電鉄
0%
常南電気鉄道
0%
笠原鉄道
0%
下野電気鉄道
0%
上州鉄道
0%
関東電気鉄道
0%
加太電気鉄道
0%
松諏鉄道
0%
釜石鉄道
0%
神高鉄道
0%
四国水力電気
0%
塩江温泉軌道
0%
河西鉄道
0%
沖縄県営鉄道
0%
水波電気鉄道
0%
西大寺鉄道
0%
篠山電鉄
0%
住友別子鉱山
0%
合同気電鉄道
0%
草津電気鉄道
0%
京阪神高速度電鉄
0%
空中電気鉄道
0%
五戸電気鉄道
0%
小坂鉄道
0%
郡山湯本電鉄
0%
香匝鉄道
0%
群馬鉄道
0%
釧路臨港鉄道
0%
鹿本鉄道
0%
九州鉱業
0%
京都鉄道
0%
北恵那鉄道
0%
高知鉄道
0%
小倉鉄道
0%
三山電気鉄道
0%
三塩鉄道
0%
北見鉄道
0%
南和電気鉄道
0%
住吉鋼索鉄道
0%
秋葉山鋼索鉄道
0%
那須電気鉄道
0%
越生鉄道
0%
東北鉄道鉱業
0%
大谷石材鉄道
0%
口之津鉄道
0%
東京西北電気鉄道
0%
渡島海岸鉄道
0%
鞆鉄道
0%
土佐セメント
0%
成田鉄道
0%
鯖浦電気鉄道
0%
南総鉄道
0%
成田急行電鉄
0%
宇佐参宮鉄道
0%
雲仙鉄道
0%
宇島鉄道
0%
名古屋急行電気鉄道
0%
宇部鉄道
0%
宇部電気鉄道
0%
洞爺湖電気鉄道
0%
十勝鉄道
0%
帝国火薬工場
0%
青梅電気鉄道
0%
善光寺登山鉄道
0%
善光寺鋼索鉄道
0%
善光寺白馬鉄道
0%
大川鉄道
0%
小野田鉄道
0%
相武電気鉄道
0%
尾道鉄道
0%
大東京鉄道
0%
大峯鉄道
0%
駄知鉄道
0%
高雄電気鉄道
0%
大社宮島鉄道
0%
男山鉄道
0%
中遠鉄道
0%
中勢鉄道
0%
中国稲荷山鋼索鉄道
0%
大山鋼索鉄道
0%
筑波山鋼索鉄道
0%
東京多摩川電鉄
0%
摩耶鋼索鉄道
0%
九十九里電気鉄道
0%
坂川鉄道
0%

Score Distribution

Percentile by Number Answered

Percent of People with Each Score

Your Score History

You have not taken this quiz